Paroles Le petit pain au chocolat - Joe Dassin - Statistiques

Statistiques générales
  • Ce quiz a été pris 576 fois
  • Le résultat moyen est 155 sur 214
Statistiques - réponses
% Correct
le
100%
à
99%
au
99%
les
99%
chocolat
98%
pain
98%
petit
98%
il
97%
Il
97%
la
96%
matins
96%
Tous
96%
et
95%
Et
95%
ne
95%
elle
94%
belle
93%
était
93%
pas
93%
que
93%
acheta
92%
boulangère
92%
qu'elle
92%
son
92%
pour
91%
achetait
89%
clients
89%
de
88%
lui
88%
pourtant
88%
se
88%
sa
87%
voyaient
87%
des
84%
regardait
84%
ce
83%
ses
82%
tout
82%
mais
81%
savait
81%
souriait
81%
voyait
81%
croissants
76%
un
76%
dans
71%
Dans
71%
lunettes
71%
myope
71%
en
70%
autant
69%
celle
69%
coeur
67%
voilà
67%
croustillante
66%
très
66%
l'élu
64%
qui
64%
soir
63%
vraiment
63%
homme
62%
jeune
61%
destin
58%
dire
58%
boutique
57%
distant
57%
faut
57%
57%
n'était
55%
on
55%
petits
55%
monde
54%
fille
53%
bête
52%
bonheur
52%
comme
52%
faire
52%
maria
52%
vivait
52%
rêvait
51%
boulangerie
50%
mélancolique
50%
pains
50%
papa
50%
envoyait
49%
flou
49%
l'aveuglette
47%
nuages
46%
volaient
45%
myopes
43%
union
43%
leur
42%
y
41%
fête
40%
si
39%
tas
39%
gosses
38%
sont
37%
nés
36%
est
33%
poches
32%
babas
30%
baguettes
30%
remplissant
30%
Toute
30%
blanc
29%
brioches
29%
paire
29%
l'odeur
28%
vie
28%
bien
27%
parmi
26%
peu
26%
chaude
25%
suffit
25%
faite
24%
gambadant
24%
quand
24%
simple
24%
galettes
23%
heureux
22%
qu'ils
22%
deux
21%
d'une
21%
soient
20%
êtres
19%
pense
19%
accrocher
4%
Aucun quiz correspondant
Distribution des résultats
% des personnes avec chaque résultat
Percentile par nombre de réponses
Votre historique - résultats
Vous n’avez pas pris ce quiz